| 000 | 00499nam a2200193 a 4500 | ||
|---|---|---|---|
| 001 | 1768117515678 | ||
| 003 | YourLibrary | ||
| 005 | 20260112125814.0 | ||
| 008 | 260111s2008##################000#0#eng## | ||
| 020 | _a9781405325394 | ||
| 082 | 0 | 4 |
_a302.222 _bDEN |
| 100 | 1 |
_aBruce-Mitford, Miranda, _eauthor. |
|
| 245 | 1 | 0 | _aSigns & Symbols : |
| 260 |
_bDorling Kindersley Ltd, _c2008. |
||
| 300 | _a357 pages | ||
| 650 | 0 | _aHistory. | |
| 942 | _cENGLISH | ||
| 040 |
_aYourLibrary _beng _cYourLibrary |
||
| 999 |
_c608262 _d608262 |
||